000 00760nam a2200253 i 4500
001 bg
100 1 _aGÓRSKI, Stanisław
245 1 0 _aSymulator nawigacyjno-manewrowy VSHIP 2000 /
_cStanisław Górski, Sławomir Woźnica.
260 _aGdynia :
_bWydawnictwo Akademii Morskiej,
_c2005.
300 _a41 s. :
_bfot., rys. ;
_c24 cm.
504 _aBibliogr.
650 9 _aNawigacja
_xurządzenia
650 9 _aRadiolokacja
650 9 _aSymulacja
_xurządzenia
650 9 _aŻegluga
_xbezpieczeństwo
_xurządzenia
655 _aPodręczniki akademickie
020 _a8374211202
040 _cBPK
041 0 _apol
080 _a629.5.05:527:004.94](075.8)
920 _a83-7421-120-2
942 _cKS
008 s pl f |000 0 pol
999 _c52068
_d52068
856 _uhttp://koha.tu.koszalin.pl/cgi-bin/koha/opac-detail.pl?biblionumber=52068
_yKatalog online BPK